UM Logo

Predicting future trends of media elements in hotel marketing by using change propensity analysis / (Record no. 23203)

MARC details
000 -LEADER
fixed length control field 01015nam a22002537a 4500
003 - CONTROL NUMBER IDENTIFIER
control field OSt
005 - DATE AND TIME OF LATEST TRANSACTION
control field 20250515092122.0
008 - FIXED-LENGTH DATA ELEMENTS--GENERAL INFORMATION
fixed length control field 241113b |||||||| |||| 00| 0 eng d
040 ## - CATALOGING SOURCE
Transcribing agency 0
082 ## - DEWEY DECIMAL CLASSIFICATION NUMBER
Classification number DPer 647.94068 In821 August-October 2019
100 ## - MAIN ENTRY--PERSONAL NAME
Personal name Lim, Hyekyung.
Relator term author.
9 (RLIN) 64082
245 ## - TITLE STATEMENT
Title Predicting future trends of media elements in hotel marketing by using change propensity analysis /
Statement of responsibility, etc. Hyekyung Lim, Jeong-Gil Choi, Armigon Akhmedov, and Jellna Chung.
260 ## - PUBLICATION, DISTRIBUTION, ETC. (IMPRINT)
Place of publication, distribution, etc. Amsterdam ;
Name of publisher, distributor, etc. Elsevier,
Date of publication, distribution, etc. September 2019.
300 ## - PHYSICAL DESCRIPTION
Extent Volume 66, pages 270-277,
Other physical details illustration.
500 ## - GENERAL NOTE
General note International Journal of Hospitality Management, v. 81, pages 270-277, August 2019.
650 #0 - SUBJECT ADDED ENTRY--TOPICAL TERM
Topical term or geographic name as entry element Media elements.
9 (RLIN) 66660
650 #0 - SUBJECT ADDED ENTRY--TOPICAL TERM
Topical term or geographic name as entry element Media marketing.
9 (RLIN) 66661
650 #0 - SUBJECT ADDED ENTRY--TOPICAL TERM
Topical term or geographic name as entry element Hotel marketing.
9 (RLIN) 66662
700 ## - ADDED ENTRY--PERSONAL NAME
Personal name Lim, Hyekyung.
Relator term author.
9 (RLIN) 64082
700 ## - ADDED ENTRY--PERSONAL NAME
Personal name Choi, Jeong-Gil.
Relator term author.
9 (RLIN) 66789
700 ## - ADDED ENTRY--PERSONAL NAME
Personal name Akhmedov, Armigon.
Relator term author.
9 (RLIN) 66790
700 ## - ADDED ENTRY--PERSONAL NAME
Personal name Chung, Jellna.
Relator term author.
9 (RLIN) 66791
942 ## - ADDED ENTRY ELEMENTS (KOHA)
Source of classification or shelving scheme Dewey Decimal Classification
Koha item type Periodicals
Holdings
Withdrawn status Lost status Source of classification or shelving scheme Damaged status Not for loan Collection code Home library Current library Date acquired Total Checkouts Full call number Date last seen Price effective from Koha item type Public note
    Dewey Decimal Classification     Periodicals UM Digos College - LIC UM Digos College - LIC 11/13/2024   DPer647.94068 August-October 2019 v. 81-83 11/13/2024 11/13/2024 Periodicals Periodical Article